| 000 | 00538 a2200193 4500 | ||
|---|---|---|---|
| 005 | 20260409124917.0 | ||
| 008 | 260409b |||||||| |||| 00| 0 eng d | ||
| 020 |
_a9781041028819 _cRs. 1295.00 |
||
| 040 | _aMAIN | ||
| 082 |
_a350.3 _bM278P |
||
| 100 | _aMahajan, Anupam Puri | ||
| 245 | _aPublic governance dynamics: Comparative administrative systems | ||
| 260 |
_bRoutledge _c2025 _aAbingdon |
||
| 300 | _axii, 271 | ||
| 650 | _aPublic Administration | ||
| 650 | _aGovernance | ||
| 650 | _aAdministrative Systems | ||
| 942 | _cBK | ||
| 999 |
_c394510 _d394510 |
||